000 00460nam a22001817a 4500
005 20260130153940.0
008 260130b |||||||| |||| 00| 0 eng d
020 _a9789384640941
_c1695.00
040 _aMAIN
041 _aEnglish
082 _a001.42
_bKOT
100 _aKothari, L.N.
_924748
245 _aResearch Methodology
_b: Methods And Techniques
260 _aDelhi
_bAcademic
_c2024
300 _a317
650 _aComputer Science
942 _cBK
999 _c60178
_d60178